| 000 | 00502cam a2200181ua 4500 | ||
|---|---|---|---|
| 020 | _c150.00 | ||
| 041 |
_aeng _h |
||
| 082 |
_a027.7 _bRAV/IN |
||
| 100 | _aRavindranath , Sharma . | ||
| 245 |
_aIndian academic libraries and Dr. S R Ranganathan: a critical study / _cRavindranath sharma. _hTextual Documents |
||
| 250 |
_a1 / _b. |
||
| 260 |
_aDelhi : _bSterling publishers pvt ltd , _c1986. |
||
| 300 | _a268 ; . | ||
| 365 | _a150.00 | ||
| 504 | _a | ||
| 942 | _cBK | ||
| 999 |
_c7781 _d7781 |
||